000 00901 a2200229 4500
008 080822t xxu||||| |||| 00| 0 eng d
010 _aENG-85073
020 _a8188689351
_c895.00
035 _aEN-68606
037 _bD.B.Act / Pub
082 _a530.02
100 _aNordling , Carl
245 _aPhysics Handbook
_b for science and engineering
_c by Carl Nordling and Jonny Osterman
250 _a7th ed
260 _aNew Delhi
_bOverseas Press India
_c2006
270 _a7/28, Ansari Road, Darya Ganj
_bNew Delhi
_e110 002
_moverseas@de13.vsnl.nic.in
300 _a499p.
_b23cm. (Hb)
500 _aincludes index and bibliography
700 _aOsterman, Jonny
942 _adpl
_cEN
_k530.02 / NOR
_2ddc
_h530.02
_m NOR
999 _c1024
_d1024